00541nam a2200181Ia 4500003000900000005001700009008004100026040003300067041000800100080001200108100001400120245003200134260004400166300002900210942000700239952009600246999001700342LK-CoDNM20240801101916.0010623t1922 xxu||||| |||| 00| 1 eng d aLK-CoDNMdLK-CoDNMeLK-CoDNM aeng a8 bM23 aKale,M.R. aThe Raghuvoms a of Kalidasa bGopal Narayen and CompanyaBombayc1922 bxli, 500p. : map ; 20 cm cBK 001041708OBCaMAINbMAINcREFd2024-08-01l0o8 M23pOB4034r2024-08-01w2024-08-01yBK c91112d91112